• 首页
  • 本馆介绍
  • 公告通知
  • 最新文献
  • 馆藏检索
  • 电子资源
  • 读者导购
  • 参考咨询
  • 我的图书馆
  • 登录
  • 详细信息显示
  • 放入我的书架
  • 预约/预借图书
  • 作者相关作品
  • 分类相关作品
  • 丛书相关作品
  • 出版社相关作品

书目信息

  • 表格格式
  • 工作单格式
  • 卡片格式
题名:
报告文学纵横谈
    
 
作者: 尹均行 , 杨如鹏 编著
分册:  
出版信息: 成都   四川人民出版社  1983
页数: 211页
开本: 19cm
丛书名:
单 册:
中图分类: I055
科图分类:
主题词: 报告文学-文学理论 , 文学理论-报告文学
电子资源:
ISBN:
000 00656nam0 2200241 450
001 1559353859
005 20150122162948.12
010    @dCNY0.60
091    @a10118.681
100    @a19950621d1983 em y0chiy0110 ea
101 0  @achi
102    @aCN@b510000
105    @ay z 000zd
200 1  @a报告文学纵横谈@9bao gao wen xue zong heng tan@f尹均行,杨如鹏编著
210    @a成都@c四川人民出版社@d1983
215    @a211页@d19cm
606 0  @a报告文学-文学理论
606 0  @a文学理论-报告文学
690    @aI055@v5
701  0 @a尹均行@9yin jun xing@4编著
701  0 @a杨如鹏@9yang ru peng@4编著
801  0 @aCN@bTSSF@c20150122
905    @aZUCC@dI055@eJY1
    
    报告文学纵横谈/尹均行,杨如鹏编著.-成都:四川人民出版社,1983
    211页;19cm
    
    
    ISBN :CNY0.60
    
●
相关链接 在E读中查询图书 在五车中查询图书 在当当中查询图书 在豆瓣中查询图书


正题名:报告文学纵横谈     索取号:I055/JY1         预约/预借

序号 登录号 条形码 馆藏地/架位号 状态 备注
1 7839954   278399546   学院路分馆/ [索取号:I055/JY1] 在馆    
2 7839955   278399555   学院路分馆/ [索取号:I055/JY1] 在馆    
3 7839956   278399564   学院路分馆/ [索取号:I055/JY1] 在馆    
4 7839957   278399573   学院路分馆/ [索取号:I055/JY1] 在馆    
唐山师范学院图书馆 欢迎您!
大连网信软件有限公司© 版权所有